Viisi väkirikkainta valtiota maanosittain - Statistics

Yleistilastot
  • Tätä visaa on pelattu 5 778 kertaa
  • Keskiarvotulos 23 / 30
Vastaustilastot
Väkiluku Valtio % Oikein
Aasia 1426 milj. Kiina
97%
Eurooppa 69,2 milj. Ranska
96%
Eurooppa 84,4 milj. Saksa
96%
Eurooppa 111 milj. Venäjä
96%
Pohjois-Amerikka 350 milj. Yhdysvallat
95%
Aasia 1457 milj. Intia
94%
Oseania 26,8 milj. Australia
93%
Pohjois-Amerikka 40,0 milj. Kanada
93%
Etelä-Amerikka 212 milj. Brasilia
92%
Pohjois-Amerikka 131 milj. Meksiko
92%
Eurooppa 59,3 milj. Italia
89%
Oseania 5,25 milj. Uusi-Seelanti
88%
Eurooppa 69,9 milj. Yhdistynyt kuningaskunta
87%
Etelä-Amerikka 45,8 milj. Argentiina
85%
Afrikka 117 milj. Egypti
82%
Afrikka 235 milj. Nigeria
79%
Aasia 285 milj. Indonesia
76%
Etelä-Amerikka 53,2 milj. Kolumbia
75%
Etelä-Amerikka 34,4 milj. Peru
74%
Afrikka 111 milj. Kongon dem. tasavalta
70%
Etelä-Amerikka 28,5 milj. Venezuela
66%
Aasia 253 milj. Pakistan
64%
Oseania 10,7 milj. Papua-Uusi-Guinea
64%
Afrikka 134 milj. Etiopia
59%
Aasia 175 milj. Bangladesh
58%
Oseania 0,931 milj. Fidži
41%
Pohjois-Amerikka 18,5 milj. Guatemala
40%
Pohjois-Amerikka 11,8 milj. Haiti
40%
Afrikka 69,5 milj. Tansania
40%
Oseania 0,829 milj. Salomoninsaaret
34%
Ehtoja vastaavia visoja ei löytynyt
Tulosjakauma
Jokaisen tuloksen saaneiden osuus
Persentiili vastausten määrän mukaan
Tuloshistoriasi
Et ole pelannut tätä visaa